Fr. Conceicao Rodrigues College of Engineering

Hadoop in action (Record no. 33725)

MARC details
000 -LEADER
fixed length control field 00332nam a2200169Ia 4500
082 ## - DEWEY DECIMAL CLASSIFICATION NUMBER
Item number LAM
100 ## - MAIN ENTRY--PERSONAL NAME
Personal name Lam/Chuck
245 ## - TITLE STATEMENT
Title Hadoop in action
260 ## - PUBLICATION, DISTRIBUTION, ETC.
Name of publisher, distributor, etc. Dreamtech Press
Date of publication, distribution, etc. 2016
366 ## - TRADE AVAILABILITY INFORMATION
Publishers's discount category 25
300 ## - PHYSICAL DESCRIPTION
Extent 311
546 ## - LANGUAGE NOTE
Language note ENGLISH
-- electronics
650 ## - SUBJECT ADDED ENTRY--TOPICAL TERM
Topical term or geographic name entry element Hadoop
654 ## - SUBJECT ADDED ENTRY--FACETED TOPICAL TERMS
Focus term hadoop
942 ## - ADDED ENTRY ELEMENTS (KOHA)
Koha item type BOOK
Holdings
Withdrawn status Lost status Damaged status Not for loan Collection Home library Current library Date acquired Source of acquisition Cost, normal purchase price Inventory number Total Checkouts Full call number Barcode Date last seen Cost, replacement price Price effective from Koha item type Date last checked out
        CRC Fr. Agnel's C.Rodrigues College of Engineering Fr. Agnel's C.Rodrigues College of Engineering 17/03/2023 Allied Publishers 524.25 961 dt 30.01.2017   LAM 24559 17/03/2023 699.00   BOOK  
        CRC Fr. Agnel's C.Rodrigues College of Engineering Fr. Agnel's C.Rodrigues College of Engineering 17/03/2023 Allied Publishers 524.25 961 dt 30.01.2017 1 LAM 24560 19/09/2025 699.00   BOOK 10/06/2025